Vertragsfreiheit im Rechte des Nationalsozialistischen Staates

Elmentve itt :
Bibliográfiai részletek
Szerző: Rössler Heinz
Dokumentumtípus: Cikk
Megjelent: 1935
Sorozat:Kolligátum
Kulcsszavak:Szerződéskötés
Online Access:http://misc.bibl.u-szeged.hu/23267
LEADER 00556nab a2200169 i 4500
001 misc23267
005 20191111110454.0
008 170825s1935 hu o 0|| zxx d
040 |a SZTE Miscellanea Repozitórium  |b hun 
041 |a zxx 
100 1 |a Rössler Heinz 
245 1 0 |a Vertragsfreiheit im Rechte des Nationalsozialistischen Staates  |h [elektronikus dokumentum] /  |c  Rössler Heinz 
260 |c 1935 
300 |a 1-43 
490 0 |a Kolligátum 
695 |a Szerződéskötés 
856 4 0 |u http://misc.bibl.u-szeged.hu/23267/1/87525_001-043.pdf  |z Dokumentum-elérés